Unemployment, employment, and labor force, 1947-61: (Record no. 37070)

MARC details
000 -LEADER
fixed length control field 00730cam a22002291 4500
001 - CONTROL NUMBER
control field l 62000038
003 - CONTROL NUMBER IDENTIFIER
control field DLC
005 - DATE AND TIME OF LATEST TRANSACTION
control field 20260227111546.0
008 - FIXED-LENGTH DATA ELEMENTS--GENERAL INFORMATION
fixed length control field 820907s1962 dcua f000 0 eng c
010 ## - LIBRARY OF CONGRESS CONTROL NUMBER
LC control number l 62000038
035 ## - SYSTEM CONTROL NUMBER
System control number (OCoLC)8750097
040 ## - CATALOGING SOURCE
Original cataloging agency U.S. Dept. of Labor. Library
Transcribing agency MBU
Modifying agency DLC
042 ## - AUTHENTICATION CODE
Authentication code premarc
050 00 - LIBRARY OF CONGRESS CALL NUMBER
Classification number HD5723
Item number .A5123 1962
110 1# - MAIN ENTRY--CORPORATE NAME
Corporate name or jurisdiction name as entry element United States.
Subordinate unit Bureau of Labor Statistics.
245 00 - TITLE STATEMENT
Title Unemployment, employment, and labor force, 1947-61:
Remainder of title original and seasonally adjusted data.
260 ## - PUBLICATION, DISTRIBUTION, ETC.
Place of publication, distribution, etc. [Washington]
Date of publication, distribution, etc. 1962.
300 ## - PHYSICAL DESCRIPTION
Extent 36 p. (chiefly tables)
Dimensions 27 cm.
500 ## - GENERAL NOTE
General note Cover title.
650 #0 - SUBJECT ADDED ENTRY--TOPICAL TERM
Topical term or geographic name entry element Unemployed
Geographic subdivision United States
Form subdivision Statistics.
650 #0 - SUBJECT ADDED ENTRY--TOPICAL TERM
Topical term or geographic name entry element Labor supply
Form subdivision Statistics.

No items available.

Powered by Koha